000 00721nam a2200289Ia 4500
005 20260324144740.0
008 008 260324s9999 xx 000 0 eng d
020 _a9781351216463
037 _aEBOOK
040 _aCRL
040 _beng
040 _cCRL
041 _2eng
041 _aeng
084 _qCRL
100 _aEllen J. Brooks
_91220469
245 0 _aLearning to Read and Write
245 4 _bThe Role of Language Acquisition and Aesthetic Development: A Resourcebook
260 _bTaylor and Francis
260 _c1986
365 _a
365 _b170
856 _uhttp://www.taylorfrancis.com/books/9781351216463
942 _cEBOOK
999 _c1827473
_d1827473